Účelové zameranie verejnej zelene

Uložené v:
Podrobná bibliografia
Hlavný autor: Masár, Matej (Autor)
Ďalší autori: Geisse, Robert (Vedúci práce)
Médium: Rukopis Kniha
Jazyk:Slovak
Vydavateľské údaje: 2023
Predmet:
On-line prístup:http://is.stuba.sk/zp/portal_zp.pl?podrobnosti=163578
https://opac.crzp.sk/?fn=detailBiblioForm&sid=D51643D01657CDEC2997BDF06848
Tagy: Pridať tag
Žiadne tagy, Buďte prvý, kto otaguje tento záznam!

MARC

LEADER 00000ntm a22000003a 4500
001 stuzp93492
003 SK-STU
005 20230920104208.1
007 ta
008 150427s2015----xo-----f-mn---000-0-slo-d
040 |a STU  |b slo 
041 0 |a slo 
100 1 |a Masár, Matej  |u 010140  |4 aut  |U SvF Stavebná fakulta  |T SvF Katedra geodézie  |X 111621  |U V140  |Y 14  |7 111621 
242 0 1 |a The purposeful focus of public green space  |y eng 
245 1 0 |a Účelové zameranie verejnej zelene 
260 |c 2023 
650 4 |a účelová mapa  |2 slo 
650 4 |a polohopis  |2 slo 
650 4 |a výškopis  |2 slo 
650 4 |a verejná zeleň  |2 slo 
650 4 |a meračské práce  |2 slo 
650 4 |a purpose map  |2 eng 
650 4 |a topohraphy  |2 eng 
650 4 |a altimetry  |2 eng 
650 4 |a public greenery  |2 eng 
650 4 |a measurement works  |2 eng 
700 1 |a Geisse, Robert  |u 010140  |k Z8  |4 ths  |U SvF Stavebná fakulta  |T SvF Katedra geodézie  |X 886  |U V140  |Y 14  |7 A000000886 
856 4 |u http://is.stuba.sk/zp/portal_zp.pl?podrobnosti=163578 
856 4 |u https://opac.crzp.sk/?fn=detailBiblioForm&sid=D51643D01657CDEC2997BDF06848